Low-code application development with Appian a beginner's guide to high-speed business... innovation at enterprise scale using Appian /

Go from no-code to low-code and translate your business requirements into full-fledged enterprise-ready applications Key Features Digitize and automate your business processes quickly using Appian's powerful low-code functionalities Understand enterprise data models and turn them into actionabl...

Full description

Bibliographic Details
Main Author: Helzle, Stefan
Format: eBook
Language:English
Published: Birmingham: Packt Publishing Limited, 2022.
Subjects:
Online Access:Connect to the full text of this electronic book

MARC

Tag First Indicator Second Indicator Subfields
LEADER 00000cam a22000007a 4500
001 in00004671021
006 m o d
007 cr |n|||||||||
008 220430s2022 enka o 000 0 eng d
005 20260128224602.2
015 |a GBC274140  |2 bnb 
016 7 |a 020566445  |2 Uk 
020 |a 9781800208278  |q (electronic bk.) 
020 |a 1800208278  |q (electronic bk.) 
020 |z 1800205627 
020 |z 9781800205628 
035 |a (OCoLC)1313384696 
037 |a 9781800205628  |b O'Reilly Media 
040 |a YDX  |b eng  |c YDX  |d ORMDA  |d UKMGB  |d OCLCO  |d OCLCF  |d N$T  |d UKAHL  |d OCLCQ 
049 |a TXAM 
050 4 |a HF5548 
082 0 4 |a 651.8  |2 23/eng/20220503 
100 1 |a Helzle, Stefan. 
245 1 0 |a Low-code application development with Appian  |b a beginner's guide to high-speed business... innovation at enterprise scale using Appian /  |c Stefan Helzle. 
260 |a Birmingham:  |b Packt Publishing Limited,  |c 2022. 
300 |a 1 online resource :  |b color illustrations 
336 |a text  |b txt  |2 rdacontent 
337 |a computer  |b c  |2 rdamedia 
338 |a online resource  |b cr  |2 rdacarrier 
520 |a Go from no-code to low-code and translate your business requirements into full-fledged enterprise-ready applications Key Features Digitize and automate your business processes quickly using Appian's powerful low-code functionalities Understand enterprise data models and turn them into actionable Appian Records Use declarative code-style UI building to design intuitive UIs and reusable components in Appian Book Description This book is an exhaustive overview of how the Appian Low-Code BPM Suite enables tech-savvy professionals to rapidly automate business processes across their organization, integrating people, software bots, and data. This is crucial as 80% of all software development is expected to be carried out in low code by 2024. This practical guide helps you master business application development with Appian as a beginner low-code developer. You'll learn to automate business processes using Appian low-code, records, processes, and expressions quickly and on an enterprise scale. In a fictional development project, guided by step-by-step explanations of the concepts and practical examples, this book will empower you to transform complex business processes into software. At first, you'll learn the power of no-code with Appian Quick Apps to solve some of your most crucial business challenges. You'll then get to grips with the building blocks of an Appian, starting with no-code and advancing to low-code, eventually transforming complex business requirements into a working enterprise-ready application. By the end of this book, you'll be able to deploy Appian Quick Apps in minutes and successfully transform a complex business process into low-code process models, data, and UIs to deploy full-featured, enterprise-ready, process-driven, mobile-enabled apps. What you will learn Use Appian Quick Apps to solve the most urgent business challenges Leverage Appian's low-code functionalities to enable faster digital innovation in your organization Model business data, Appian records, and processes Perform UX discovery and UI building in Appian Connect to other systems with Appian Integrations and Web APIs Work with Appian expressions, data querying, and constants Who this book is for This book empowers software developers and tech-savvy business users with a new tool that'll help them increase efficiency by a huge margin and speed up the delivery of new features to meet the demands of business departments. Business users with a maker's attitude finally have the chance to develop their own business applications, as low-code drastically reduces the complexity of traditional software development. Prior experience with automation solutions and low-code programming is needed to help you get the most out of this book. 
650 0 |a Office practice  |x Automation. 
650 0 |a Business  |x Data processing. 
650 0 |a Computer software. 
650 2 |a Office Automation 
650 2 |a Software 
650 6 |a Bureautique. 
650 6 |a Gestion  |x Informatique. 
650 6 |a Logiciels. 
650 7 |a software.  |2 aat 
650 7 |a Business  |x Data processing.  |2 fast  |0 (OCoLC)fst00842293 
650 7 |a Computer software.  |2 fast  |0 (OCoLC)fst00872527 
650 7 |a Office practice  |x Automation.  |2 fast  |0 (OCoLC)fst01044186 
776 0 8 |i Print version:  |z 1800205627  |z 9781800205628  |w (OCoLC)1302575419 
856 4 0 |u https://proxy.library.tamu.edu/login?url=https://go.oreilly.com/TAMU/library/view/-/9781800205628/?ar  |z Connect to the full text of this electronic book  |t 0 
955 |a Safari/O'Reilly ebooks 
994 |a 92  |b TXA 
999 f f |s e911c62f-a8ed-47fd-9aad-25df31bdaf69  |i e449e8c0-f103-4719-95ae-3c1b41c9075b  |t 0 
952 f f |a Texas A&M University  |b College Station  |c Electronic Resources  |s www_evans  |d Available Online  |t 0  |e HF5548   |h Library of Congress classification 
998 f f |a HF5548   |t 0  |l Available Online